Datum a čas kvízu
41.5
Celkem bodů
Celkový počet nahraných bodů na tomto kvízu bez doplňovacích otázek.
1.
Pořadí na kvízu
Konečné umístění týmu na tomto kvízu.
Zaznamenané odpovědi
| # | Otázka | Odpověď | Body | Výsledky |
|---|---|---|---|---|
| 1. | Kterého současného ministra si... | Petra Macinku | 1 | |
| 2. | Média minulý týden informovala... | D) buddhistického mnicha | 0 | |
| 3. | Jak se nazývá nový celovečerní... | Mandalorian a Grogu | 1 | |
| 4. | V sobotu v Montrealu proběhla... | striptérky | 0 | |
| 5. | Arsenal se konečně dočkal a po... | Manchester City, Bournemouth | 1 | |
| 6. | Téma začneme blbounem nejapným... | Nizozemci (Holanďané) | 1 | |
| 7. | Na které fotografii je tetluch... | A) | 0 | |
| 8. | Pro označení kohouta můžeme v... | cock | 1 | |
| 9. | U angličtiny ještě zůstaneme.... | sýkora koňadra | 1 | |
| 10. | Poslední název je spíše roztom... | střevíčník pantoflíček | 1 |